MDQL
is popping MORE tags! Check the
thread
!
Quizzes
Events
Quiz Creation
Community
Videos
Private Events
Remove Ads
Sign In
Join for FREE
Feedback
Dark Mode
Quiz Categories
Sports
Geography
Music
Movies
Television
Just For Fun
Miscellaneous
History
Literature
Language
Science
Gaming
Entertainment
Religion
Holiday
For Kids
Quiz Lab
Recent
Popular Today
Quiz Kudos Today
Editor Picks
Curator Picks
Quizzes by...
Day
Popularity
Type
Ratings
Length
Year
Community
Subscriptions
Recent Discussions
Orange Saloon
Badges
Playlists
Quests
Create
Leaderboards
Showdown
Live 5
Trivia Bingo
Activity
Puzzle Library
Sporcle Events
Private Events
Virtual Trivia
Globe League
Become a Host
Pub Owners
SporcleCon
Opinionation
Our Games
Videos
Blog
Mobile Apps
Partnerships
Remove Ads and Go Orange
Feedback
Religion
Mythology
Religious Music
World Religions
Bible
Christianity
Catholicism
Judaism
Church
Scripture
Islam
Verse
Religion
Mythology
Religious Music
World Religions
Bible
Christianity
Catholicism
Judaism
Church
Scripture
Islam
Verse
Random Quiz
Search Sporcle
×
Curator Pick
Curator Pick
Religion
Christianity
Click on answers out of a set of options
Click on answers out of a set of options
Multiple Choice
Best Score? Go Orange.
Which Gospel? (Multiple Choice) Stats
Can you choose which Gospel answers each of these questions?
By
hkthom
5m
20 Questions
604 Plays
604 Plays
604 Plays
Comments
Comments
Give Quiz Kudos
Give Quiz Kudos
-
- Ratings
hide this ad
Replay
Link that replays current quiz
Next Quiz
Link to next quiz in quiz playlist
You Got
0%
They Got
Avg Score
48%
Avg Friend Score
Upgrade to see
Score Distribution
Jump to the score distribution portion of the page
Score
0/20
Timer
05:00
0
Plays Today
Question
Answer
Wrong Answers
Which is NOT considered a synoptic gospel?
John
72.6%
Matthew
10%
Mark
8.1%
Luke
9.3%
Which is the shortest Gospel?
Mark
71%
Matthew
9.3%
Luke
2.7%
John
13.8%
Which Gospel contains the Sermon on the Mount?
Matthew
64.3%
Mark
9.3%
Luke
10.3%
John
7.1%
Which Gospel was originally a two part work along with Acts?
Luke
63%
Matthew
10%
Mark
7.5%
John
17.2%
Which Gospel mentions the star of Bethlehem?
Matthew
61.5%
Mark
7.6%
Luke
17.7%
John
5.3%
Which Gospel mentions the Magi?
Matthew
59.9%
Mark
10.4%
Luke
17.4%
John
6.1%
Which is widely considered to be the first Gospel written?
Mark
59.9%
Matthew
26.2%
Luke
4.6%
John
7.3%
Which is the only Gospel attributed to a non-Jewish (ie, gentile) writer?
Luke
59%
Matthew
14.6%
Mark
14.3%
John
10.4%
Which Gospel does NOT contain the parable of the mustard seed?
John
51.7%
Matthew
9.3%
Mark
18.2%
Luke
10%
Which Gospel contains the parable of the prodigal son?
Luke
50.6%
Matthew
14.4%
Mark
11.9%
John
12.4%
Which Gospel contains the parable of the good Samaritan?
Luke
49.1%
Matthew
14.1%
Mark
14.3%
John
12.4%
Which Gospel does NOT mention Mary, the mother of Jesus, by name?
John
46.8%
Matthew
12.4%
Mark
26%
Luke
10.3%
Which Gospel mentions the Massacre of the Innocents?
Matthew
43.3%
Mark
16.9%
Luke
21.9%
John
9.1%
Which Gospel contains the Sermon on the Plain?
Luke
40.6%
Matthew
23.5%
Mark
20.4%
John
6.1%
Which Gospel mentions the Annunciation?
Luke
40.3%
Matthew
29.4%
Mark
10.1%
John
14.8%
Which Gospel contains the story of doubting Thomas?
John
38%
Matthew
18.2%
Mark
15.6%
Luke
16.9%
Which Gospel mention Jesus appearing before Herod?
Luke
27%
Matthew
28.7%
Mark
13.4%
John
19.4%
Which is the longest Gospel?
Luke
27%
Matthew
47.8%
Mark
4.1%
John
17.9%
Which Gospel does NOT mention Joseph, Mary's husband, by name?
Mark
26.2%
Matthew
10.4%
Luke
13.1%
John
45.4%
Which Gospel Does NOT mention the crown of thorns?
Luke
19.9%
Matthew
10%
Mark
25.9%
John
32.3%
Quiz Playlist
Details
Report
Send in Message
Add To Playlist
Multiple Choice:
Click on answers out of a set of options
Quiz Source
Last Updated: Jun 16, 2017
Curator Pick in
Bible
Quiz Scoreboard
CHALLENGE
Sign Up to Join the Scoreboard
Show All
Scores
Hide
Comments
May contain spoilers
Recently Published
5x2 Blitz: Bands
by SL_Kpop136
Music
30s
Colored Red Africa Blitz
by spor1
Geography
30s
Find the 'City' Movie
by crazypaving
Movies
60s
More to Explore
Quiz From the Vault
Featured Blog Post
14 Easter Pick-up Lines to Find Eggs With
hide this ad
You Might Also Like...
Tags
Bible Quiz
Christianity Quiz
gospel
Jesus
Jesus Christ
john
luke
mark
Matthew
Today's Top Quizzes in Religion
Browse Religion
hide this ad
Today's Top Quizzes in Christianity
Browse Christianity
Top Contributed Quizzes in Religion
1
Christmas Pick: Judaism
2
Christmas Pick: Islam
3
Christmas Pick: World Religions
4
Longevity in the Bible
5
Artistic Maundy Thursday
6
Mythological Creature Bunker
7
Are they in the Bible?
8
One Thing in Common: Mythology II
9
One Thing in Common: Mythology
10
Christmas Pick: Religious Music
Explore More
Trending Topics
Anime
Kpop
NBA
Marvel
Crossword
Disney
Harry Potter
WWE
Soccer
NFL
The Office
Country
Puzzle
Song
Pokémon
hide this ad
More By:
hkthom
Quiz
Plays
Rating
Category
Featured
Created
NBA Seasons with 35, 30, 25, 20, 15, and 10 PPG
72,314
4.78
Sports
Sep 8, 2016
8 to 1: Famous Quotes in Movies
66,404
4.68
Movies
Jan 23, 2018
8 to 1: Famous Quotes in Movies II
51,098
4.53
Movies
Jan 30, 2018
US Fruit Production by State
31,263
4.53
Geography
Jun 21, 2017
NHL Seasons with 70, 60, 50, 40, 30, and 20 Goals
23,874
4.82
Sports
Sep 13, 2016
Go to Creator's Profile
Score Distribution
Quiz Creator Spotlight
hkthom
Follow
Send a Message
Quizzes Created
-
Created Quiz Play Count
-
More By This Creator
Popular Quizzes Today
1
Colored Red Africa Blitz
2
Find the 'City' Movie
3
5x2 Blitz: Bands
4
Find the US States - No Outlines Minefield
5
The Countries of the World
6
Find the US States
7
US States
8
Find the Countries of Europe - No Outlines Minefield
More Religion Quizzes
Rosh Hashanah Multiple Choice
Published
Trending Quizzes
Colored Red Europe Blitz I
Colored Red Europe Blitz II
Colored Red Africa Blitz II
Colored Red Europe Blitz III
Colored Red Africa Blitz III
Recently Updated
How Do You Spell That?
pecheneg
Godzilla Movies
pecheneg
Grab Bag: 4-10 Letters
pecheneg
2024 March Madness Bracket
pecheneg
Famous TV Couples
Peacemaker
Champions League XIs: Real Madrid
pecheneg
Largest US Cities 1790-2010
pecheneg
Rides in Walt Disney World
pecheneg
Most Oscar Losses (Acting)
pecheneg
Beyoncé Albums
pecheneg
Trending Topics
Anime
Marvel
Disney
Harry Potter
Crossword
NBA
Kpop
Pokémon
Puzzle
The Office
NFL
WWE
Soccer
Country
Song
Your Account Isn't Verified!
In order to create a playlist on Sporcle, you need to verify the email address you used during registration. Go to your
Sporcle Settings
to finish the process.
Report this User
Report this user for behavior that violates our
Community Guidelines
.
Details:
Send Report
Go to the Sporcle.com Mobile Site →
Comments